Statistics for 15 Hebrew Words You Didn’t Realize You Knew

Click here to take the quiz!

General Stats

  • This quiz has been taken 330 times
  • The average score is 7 of 15

Answer Stats

Hebrew (romanized)HintEnglish% Correct
ʾāmēnutteranceamen
90%
kashérfoodkosher
80%
māšîaḥleadermessiah
79%
sappī́rgemsapphire
75%
par‘ōhrulerpharaoh
70%
gamálanimalcamel
65%
behemálargebehemoth
57%
liv'yatánmonsterleviathan
50%
har megiddofinal battlearmageddon
49%
k'ruvímangelcherub
33%
yobēlcelebrationjubilee
20%
sh'mu'óthchatschmooze
16%
shabátseventhsabbatical
11%
šēḵārbeveragecider
8%
āvāqtoolabacus
5%

Score Distribution

Percentile by Number Answered

Percent of People with Each Score

Your Score History

You have not taken this quiz